LEADER 00921nam0-22002891i-450- 001 990004672480403321 005 19990530 035 $a000467248 035 $aFED01000467248 035 $a(Aleph)000467248FED01 035 $a000467248 100 $a19990530g19689999km-y0itay50------ba 101 0 $aita 105 $ay-------001yy 200 1 $aAglaophamus$eDrei Buecher ueber die Grundlagen der Mysterienreligion der Griechen mit einer Sammlung der Fragmente der orphischen Dichter$fChristian August Lobeck 205 $a3.ed. 210 $aDarmstadt$cWissenschaftliche Buchgesellschaft$d1968. 215 $a2 v.$d22 cm 305 $aEd. invariata dal 1829. - 700 1$aLobeck,$bChristian August$0186210 801 0$aIT$bUNINA$gRICA$2UNIMARC 901 $aBK 912 $a990004672480403321 952 $aFCL 1493 (1-2)$bIst.Fil.Cl.336$fFLFBC 959 $aFLFBC 996 $aAglaophamus$9555255 997 $aUNINA LEADER 01179nam--2200397---450- 001 990002242800203316 005 20050518141400.0 035 $a000224280 035 $aUSA01000224280 035 $a(ALEPH)000224280USA01 035 $a000224280 100 $a20041206d1977----km-y0itay0103----ba 101 0 $aeng 102 $aUK 105 $a||||||||001yy 200 1 $aIrish historical documents$e1172-1922$fedited by Edmund Curtis and Robert Brendan McDowell 210 $aLondon$cMethuen$d1977 215 $a331 p.$d22 cm 225 2 $aMethuen library reprints 300 $aIn sovrac. : T. C. Curtis 410 0$12001$aMethuen library reprints 454 1$12001 461 1$1001-------$12001 607 0 $aIrlanda$xStoria$xOrigini 676 $a941.5 700 1$aCURTIS,$bEdmund$0567888 701 1$aMCDOWELL,$bRobert Brendan$0569887 801 0$aIT$bsalbc$gISBD 912 $a990002242800203316 951 $aX.2.A. 309(IL i I 182)$b28301 E.C.$cIL i I 959 $aBK 969 $aGIU 979 $aSIAV1$b10$c20041206$lUSA01$h1536 979 $aCOPAT5$b90$c20050518$lUSA01$h1414 996 $aIrish historical documents$91034422 997 $aUNISA